| 000 | 00917cam a2200277 4500 | ||
|---|---|---|---|
| 001 | 3626879 | ||
| 003 | ARRUPE | ||
| 005 | 20211004100850.0 | ||
| 008 | 740319s1972 et a b 001 0 eng | ||
| 010 | _a 74158410 | ||
| 040 |
_aDLC _cDLC _dDLC |
||
| 043 | _af-et--- | ||
| 050 | 0 | 0 |
_aDT383 _b.S46 |
| 082 | 0 | 0 | _a963/.02 |
| 100 | 0 |
_aSergew Hable Selassie, _d1929-2003. _950223 |
|
| 245 | 1 | 0 |
_aAncient and medieval Ethiopian history to 1270. _cSergew Hable Sellassie |
| 260 |
_aAddis Ababa _b[Printed by United Printers] _c1972. |
||
| 300 |
_axiii, 370 p. _billus. _c25 cm. |
||
| 350 | _a$13.00 | ||
| 504 | _aBibliography: p. 293-317. | ||
| 651 | 0 |
_aEthiopia _xHistory _yTo 1490. _950224 |
|
| 710 | 2 |
_aThomas Leiper Kane Collection (Library of Congress. Hebraic Section) _5DLC _924290 |
|
| 906 |
_a7 _bcbc _corignew _d4 _encip _f19 _gy-gencatlg |
||
| 942 |
_2lcc _cMONOGRAPH |
||
| 999 |
_c130653 _d130653 |
||